<?xml version="1.0" encoding="UTF-8"?>
<record
    xmlns:xsi="http://www.w3.org/2001/XMLSchema-instance"
    xsi:schemaLocation="http://www.loc.gov/MARC21/slim http://www.loc.gov/standards/marcxml/schema/MARC21slim.xsd"
    xmlns="http://www.loc.gov/MARC21/slim">

  <leader>01193nam a2200265 a 4500</leader>
  <controlfield tag="001">39659</controlfield>
  <controlfield tag="003">BD-RjUL</controlfield>
  <controlfield tag="005">20211209053033.0</controlfield>
  <controlfield tag="008">160416r20141994ii a|||  |||| 00| 0 ben d</controlfield>
  <datafield tag="020" ind1=" " ind2=" ">
    <subfield code="a">8172152760</subfield>
    <subfield code="c">: TK. 400.0039772</subfield>
  </datafield>
  <datafield tag="035" ind1=" " ind2=" ">
    <subfield code="a">(BD-RjUL)39772</subfield>
  </datafield>
  <datafield tag="040" ind1=" " ind2=" ">
    <subfield code="a">BD-RjUL</subfield>
    <subfield code="b">ben</subfield>
    <subfield code="c">BD-RjUL</subfield>
  </datafield>
  <datafield tag="041" ind1=" " ind2=" ">
    <subfield code="a">ben</subfield>
  </datafield>
  <datafield tag="082" ind1=" " ind2=" ">
    <subfield code="2">23</subfield>
    <subfield code="a">891.444</subfield>
    <subfield code="b">TRI 2014</subfield>
  </datafield>
  <datafield tag="100" ind1=" " ind2=" ">
    <subfield code="a">&#x9A4;&#x9CD;&#x9B0;&#x9BF;&#x9AA;&#x9BE;&#x9A0;&#x9C0;, &#x985;&#x9AE;&#x9B2;&#x9C7;&#x9B6;</subfield>
    <subfield code="9">120029</subfield>
  </datafield>
  <datafield tag="245" ind1="1" ind2="0">
    <subfield code="a">&#x987;&#x9A4;&#x9BE;&#x9B2;&#x9C0;&#x9B0; &#x9B0;&#x200C;&#x9CD;&#x9AF;&#x9A8;&#x9C7;&#x9B6;&#x9BE;&#x981;&#x9B8;, &#x9AC;&#x9BE;&#x999;&#x9BE;&#x9B2;&#x9C0;&#x9B0; &#x9B8;&#x982;&#x9B8;&#x9CD;&#x995;&#x9C3;&#x9A4;&#x9BF;  /</subfield>
    <subfield code="c">&#x985;&#x9AE;&#x9B2;&#x9C7;&#x9B6; &#x9A4;&#x9CD;&#x9B0;&#x9BF;&#x9AA;&#x9BE;&#x9A0;&#x9C0;</subfield>
  </datafield>
  <datafield tag="260" ind1=" " ind2=" ">
    <subfield code="a">&#x995;&#x9B2;&#x995;&#x9BE;&#x9A4;&#x9BE; :</subfield>
    <subfield code="b">&#x986;&#x9A8;&#x9A8;&#x9CD;&#x9A6; &#x9AA;&#x9BE;&#x9AC;&#x9B2;&#x9BF;&#x9B6;&#x9BE;&#x9B0;&#x9CD;&#x9B8; &#x9AA;&#x9CD;&#x9B0;&#x9BE;&#x987;&#x9AD;&#x9C7;&#x99F; &#x9B2;&#x9BF;&#x9AE;&#x9BF;&#x99F;&#x9C7;&#x9A1;,</subfield>
    <subfield code="c">&#x9E7;&#x9EF;&#x9EF;&#x9EA; [ &#x9AE;&#x9C1;&#x9A6;&#x9CD;&#x9B0;&#x9A3; &#x9E8;&#x9E6;&#x9E7;&#x9EA; ]</subfield>
  </datafield>
  <datafield tag="300" ind1=" " ind2=" ">
    <subfield code="a">&#x9E7;&#x9EB;&#x9ED; &#x9AA;&#x9C3;, :</subfield>
    <subfield code="b">&#x99A;&#x9BF;&#x9A4;&#x9CD;&#x9B0; ;</subfield>
    <subfield code="c">&#x9E8;&#x9E7; &#x9B8;&#x9C7;&#x9AE;&#x9BF;.</subfield>
  </datafield>
  <datafield tag="504" ind1=" " ind2=" ">
    <subfield code="a">&#x9A8;&#x9BF;&#x9B0;&#x9CD;&#x9A6;&#x9C7;&#x9B6;&#x9BF;&#x995;&#x9BE; &#x9B8;&#x982;&#x9AF;&#x9C1;&#x995;&#x9CD;&#x9A4;</subfield>
  </datafield>
  <datafield tag="650" ind1=" " ind2=" ">
    <subfield code="a">&#x9B0;&#x9C7;&#x9A8;&#x9C7;&#x9B8;&#x9BE;&#x981; </subfield>
    <subfield code="z"> &#x987;&#x9A4;&#x9BE;&#x9B2;&#x9BF; </subfield>
    <subfield code="9">238947</subfield>
  </datafield>
  <datafield tag="650" ind1=" " ind2=" ">
    <subfield code="a">Renaissance    .  </subfield>
    <subfield code="z">Italy</subfield>
    <subfield code="9">238948</subfield>
  </datafield>
  <datafield tag="651" ind1=" " ind2=" ">
    <subfield code="a">&#x987;&#x9A4;&#x9BE;&#x9B2;&#x9BF; </subfield>
    <subfield code="x">&#x9B8;&#x9AD;&#x9CD;&#x9AF;&#x9A4;&#x9BE;   </subfield>
    <subfield code="y">&#x9E7;&#x9E8;&#x9EC;&#x9EE;-&#x9E7;&#x9EB;&#x9EB;&#x9EF; </subfield>
    <subfield code="9">238949</subfield>
  </datafield>
  <datafield tag="651" ind1=" " ind2=" ">
    <subfield code="a">Italy </subfield>
    <subfield code="x">Civilization </subfield>
    <subfield code="y">1268-1559. </subfield>
    <subfield code="9">238950</subfield>
  </datafield>
  <datafield tag="942" ind1=" " ind2=" ">
    <subfield code="2">ddc</subfield>
    <subfield code="c">BK</subfield>
  </datafield>
  <datafield tag="999" ind1=" " ind2=" ">
    <subfield code="c">39659</subfield>
    <subfield code="d">39659</subfield>
  </datafield>
  <datafield tag="952" ind1=" " ind2=" ">
    <subfield code="0">0</subfield>
    <subfield code="1">0</subfield>
    <subfield code="2">ddc</subfield>
    <subfield code="4">0</subfield>
    <subfield code="7">1</subfield>
    <subfield code="8">RARE</subfield>
    <subfield code="a">RUCL</subfield>
    <subfield code="b">RUCL</subfield>
    <subfield code="c">Rare</subfield>
    <subfield code="d">2015-06-22</subfield>
    <subfield code="e">Batighor, Chittagong</subfield>
    <subfield code="g">400.00</subfield>
    <subfield code="l">0</subfield>
    <subfield code="o">BRA 945.05 TRI 2014</subfield>
    <subfield code="r">2016-04-16 00:00:00</subfield>
    <subfield code="t">C-1</subfield>
    <subfield code="w">2021-12-09</subfield>
    <subfield code="y">RAR</subfield>
  </datafield>
</record>
